Dzieje rodziny z Wielkopolski
| Titel: | Dzieje rodziny z Wielkopolski |
|---|---|
| Verfasser: | |
| In: |
Borussia, Band 29 (2003), Seite X-XI alle Artikel anzeigen |
| Veröffentlicht: | 2003 |
| Format: | Aufsatz |
| Sprache: | Polnisch |
X
alg: 39505477 001A $01999:12-11-16 001B $01999:04-08-21 $t21:03:21.000 001C $06050:19-11-16 $t09:35:24.000 001D $01999:12-11-16 001U $0utf8 001X $00 002@ $0Aox 003@ $039505477X 007A $039505477X $aHEB 007T $0Herd67040 010@ $apol 011@ $a2003 021A $aDzieje rodziny z Wielkopolski 027A $aGeschichte einer Familie aus Großpolen 028A $#Straucholʹd, Gžegož $7139212906 $8Strauchold, Grzegorz$Z1958- [Tp1] $9215816668 031A $d29 $hX-XI $j2003 039B $aIn $8--Abvc--. Borussia. - Olsztyn : [Verlag nicht ermittelbar], 1991-2017. - ISSN 0867-6402 $x200300000290000999 $9048604585 039T $8--Aau--Sosnowska, Halina Kiryłowa [Tnx]. Gościńce i rozstajne drogi. - Poznań, 2002. - 252 S.. - Ill.. - ISBN 83-87688-34-7 $9109258622 045F $a900.9438 $eDDC23BSB 045F/01 $a900 045F/03 $g438 045F/03 $g43849 045T $a8,1 $a7,41 046C $aGeschichte einer Familie aus Großpolen $bÜbers. des Hauptsacht. lok: 39505477 78 exp: 39505477 78 1 #EPN 201B/01 $018-11-16 $t13:36:22.000 201U/01 $0utf8 203@/01 $0791353419 208@/01 $a12-11-16 $be 209A/01 $a/ $f000 $x00 220C/01 $aTitelaufnehmer: jk 244Z/01 $2Trx $#Großpolen $#Greater Poland $#Velkopolsko $8--Trx--Wielkopolska $x01 $9391277227 244Z/01 $2Trx $#Poola $#Lenkija $#Polija $#Polen Land $#Poland $#Lengyelország $#Poľsko $#Polsko $8--Trx--Polska$gkraj $x02 $9391345966 244Z/01 $2Trx $#arvustused $#recenzijos $#Reviews $#recenziók $#recenzje $#recenzie $#recenze $8--Trx--Rezensionen $x03 $9391357441 247C/01 $82080>Marburg/Lahn, Herder-Institut, Forschungsbibliothek, Bibliographieportal $9336309341
| LEADER | 00000caa a22000002c 4500 | ||
|---|---|---|---|
| 001 | 39505477X | ||
| 003 | DE-603 | ||
| 005 | 20210804210321.0 | ||
| 007 | tu | ||
| 008 | 161112s2003 xx |||| | u00||u|pol c | ||
| 035 | |a (DE-599)HEB39505477X | ||
| 040 | |a DE-603 |b ger |c DE-603 |d DE-603 | ||
| 041 | |a pol | ||
| 082 | 0 | 4 | |8 1\u |a 900.9438 |q DE-101 |2 23/BSB |
| 084 | |a 8,1 |a 7,41 |2 ssgn | ||
| 085 | |8 1\u |b 900 | ||
| 085 | |8 1\u |z 2 |s 438 | ||
| 085 | |8 1\u |z 2 |s 43849 | ||
| 100 | 1 | |a Strauchold, Grzegorz |d 1958- |0 (DE-603)215816668 |0 (DE-588)139212906 |2 gnd | |
| 245 | 0 | 0 | |a Dzieje rodziny z Wielkopolski |
| 246 | 1 | |i Übers. des Hauptsacht. |a Geschichte einer Familie aus Großpolen | |
| 246 | 1 | 3 | |a Geschichte einer Familie aus Großpolen |
| 264 | 0 | |c 2003 | |
| 773 | 0 | 8 | |i In |t Borussia |d Olsztyn : [Verlag nicht ermittelbar], 1991-2017 |x 0867-6402 |g Band 29 (2003), Seite X-XI |w (DE-603)048604585 |w (DE-600)1110008-4 |
| 787 | 0 | 8 | |i Rezension von |a Sosnowska, Halina Kiryłowa |t Gościńce i rozstajne drogi |d Poznań, 2002 |h 252 S., Ill. |z 8387688347 |w (DE-603)109258622 |
| 924 | 0 | |9 2080 |a (DE-603)791353419 |b DE-2080 |c HES |d d |g / | |


